Les présidents des États-Unis (1789-2025) - Statistiques

Statistiques générales
  • Ce quiz a été pris 83 fois
  • Le résultat moyen est 21 sur 46
Statistiques - réponses
Année de mandat Nom des présidents % Correct
2017-2021 Donald Trump
90%
2009-2017 Barack Obama
86%
2021-2025 Joe Biden
83%
1789-1797 George Washington
80%
2001-2009 George W. Bush
73%
1861-1865 Abraham Lincoln
70%
1993-2001 Bill Clinton
69%
1969-1974 Richard Nixon
69%
1981-1989 Ronald Reagan
66%
1989-1993 George H. W. Bush
61%
1977-1981 Jimmy Carter
57%
1797-1801 John Adams
56%
1801-1809 Thomas Jefferson
56%
1953-1961 Dwight D. Eisenhower
54%
1825-1829 John Quincy Adams
54%
1974-1977 Gerald Ford
53%
1961-1963 John Fitzgerald Kennedy
53%
1933-1945 Franklin Delano Roosevelt
50%
1865-1869 Andrew Johnson
49%
1963-1969 Lyndon B. Johnson
49%
1945-1953 Harry S. Truman
47%
1829-1837 Andrew Jackson
40%
1817-1825 James Monroe
40%
1929-1933 Herbert Hoover
39%
1809-1817 James Madison
37%
1901-1909 Theodore Roosevelt
36%
1885-1889 Grover Cleveland
34%
1893-1897 Grover Cleveland
34%
1889-1893 Benjamin Harrison
33%
1869-1877 Ulysses S. Grant
33%
1881-1881 James A. Garfield
31%
1841-1841 William Henry Harrison
31%
1923-1929 Calvin Coolidge
29%
1881-1885 Chester A. Arthur
29%
1837-1841 Martin Van Buren
29%
1849-1850 Zachary Taylor
29%
1850-1853 Millard Fillmore
27%
1913-1921 Thomas Woodrow Wilson
27%
1897-1901 William McKinley
27%
1841-1845 John Tyler
26%
1853-1857 Franklin Pierce
24%
1857-1861 James Buchanan
24%
1845-1849 James K. Polk
24%
1921-1923 Warren G. Harding
24%
1877-1881 Rutherford B. Hayes
23%
1909-1913 William H. Taft
19%
Aucun quiz correspondant
Distribution des résultats
% des personnes avec chaque résultat
Percentile par nombre de réponses
Votre historique - résultats
Vous n’avez pas pris ce quiz